| 000 | 00592 a2200157 4500 | ||
|---|---|---|---|
| 005 | 20190806102659.0 | ||
| 008 | 190614b1963 sp ||||| |||| 00| 0 spa d | ||
| 040 |
_aCO-BoUCM _bspa _cOscar Ávila (modificó) _dOscar Ávila (modificó) |
||
| 041 | 0 | _aspa | |
| 100 | 1 | 0 |
_aOliva Santos, Andrés de la _997298 |
| 245 | 1 | 4 |
_aLos vicios de forma del acto administrativo _cAndrés de la Oliva de Castro |
| 260 |
_bEstudios administrativos _c1963 _aMadrid _g1963 |
||
| 650 | 7 |
_98462 _aActos administrativos |
|
| 942 |
_cLIBRO _2DEWEY _a8 _e1 _h342.066 _mO481v _n0 |
||
| 999 |
_c313386 _d313386 |
||